<?xml version="1.0" encoding="UTF-8"?>
<record
    xmlns:xsi="http://www.w3.org/2001/XMLSchema-instance"
    xsi:schemaLocation="http://www.loc.gov/MARC21/slim http://www.loc.gov/standards/marcxml/schema/MARC21slim.xsd"
    xmlns="http://www.loc.gov/MARC21/slim">

  <leader>02610    a2200241   4500</leader>
  <controlfield tag="008">230210b           ||||| |||| 00| 0 eng d</controlfield>
  <datafield tag="020" ind1=" " ind2=" ">
    <subfield code="a">9781496349798</subfield>
  </datafield>
  <datafield tag="020" ind1=" " ind2=" ">
    <subfield code="a">9781496361400 </subfield>
  </datafield>
  <datafield tag="020" ind1=" " ind2=" ">
    <subfield code="a">1496361407 </subfield>
  </datafield>
  <datafield tag="050" ind1=" " ind2=" ">
    <subfield code="a">RT89</subfield>
    <subfield code="b">.M38 2017   </subfield>
  </datafield>
  <datafield tag="100" ind1=" " ind2=" ">
    <subfield code="a">Marquis, Bessie L.</subfield>
  </datafield>
  <datafield tag="245" ind1=" " ind2=" ">
    <subfield code="a">Leadership roles and management functions in nursing : </subfield>
    <subfield code="b">theory and application /</subfield>
    <subfield code="c">Bessie L. Marquis, Carol J. Huston  </subfield>
  </datafield>
  <datafield tag="250" ind1=" " ind2=" ">
    <subfield code="a">9th ed.</subfield>
  </datafield>
  <datafield tag="260" ind1=" " ind2=" ">
    <subfield code="b">Wolters Kluwer Health,</subfield>
    <subfield code="c">2017</subfield>
    <subfield code="a"> Philadelphia :</subfield>
  </datafield>
  <datafield tag="300" ind1=" " ind2=" ">
    <subfield code="a">xxxiv, 734 pages :</subfield>
    <subfield code="b">color illustrations ;</subfield>
    <subfield code="c">26 cm </subfield>
  </datafield>
  <datafield tag="500" ind1=" " ind2=" ">
    <subfield code="a">Includes bibliographical references and index 
</subfield>
  </datafield>
  <datafield tag="505" ind1=" " ind2=" ">
    <subfield code="a">Decision making, problem solving, critical thinking, and clinical reasoning: requisites for successful leadership and management -- Classical views of leadership and management -- Twenty-first-century thinking about leadership and management -- Ethical issues -- Legal and legislative issues -- Patient, subordinate, workplace, and professional advocacy -- Organizational planning --        Planned change -- Time management -- Fiscal planning -- Career planning and development in nursing -- Organizational structure -- Organizational, political, and personal power -- Organizing patient care -- Employee recruitment, selection, placement, and indoctrination -- Socializing and educating staff in a learning organization -- Staffing needs and scheduling policies -- Creating a        motivating climate -- Organizational, interpersonal, and group communication -- Delegation -- Effective conflict resolution and negotiation -- Collective bargaining, unionization, and employment laws -- Quality control -- Performance appraisal -- Problem employees : rule breakers, marginal employees, and the chemically or psychologically impaired </subfield>
  </datafield>
  <datafield tag="520" ind1=" " ind2=" ">
    <subfield code="a">Taking an active learning approach, this Ninth Edition emphasizes the symbiotic elements of leadership and management. All professional nurses today face limited resources and emerging technologies, and this book prepares students through up-to-date and comprehensive coverage of leadership and management concepts, ranging from managing conflict and working collaboratively to organizing patient care and staffing. Benefitting students who often have limited opportunities to observe high-performing middle- and top-level managers in practice, a variety of real-world scenarios are featured throughout and provide opportunities for hands-on learning. -- Provided by publisher 
</subfield>
  </datafield>
  <datafield tag="650" ind1=" " ind2=" ">
    <subfield code="a">Nursing services</subfield>
    <subfield code="x">Administration </subfield>
  </datafield>
  <datafield tag="650" ind1=" " ind2=" ">
    <subfield code="a">Leadership  </subfield>
  </datafield>
  <datafield tag="700" ind1=" " ind2=" ">
    <subfield code="a">Huston, Carol Jorgensen</subfield>
  </datafield>
  <datafield tag="942" ind1=" " ind2=" ">
    <subfield code="c">BK</subfield>
    <subfield code="2">lcc</subfield>
  </datafield>
  <datafield tag="999" ind1=" " ind2=" ">
    <subfield code="c">58237</subfield>
    <subfield code="d">58237</subfield>
  </datafield>
  <datafield tag="952" ind1=" " ind2=" ">
    <subfield code="0">0</subfield>
    <subfield code="1">0</subfield>
    <subfield code="2">lcc</subfield>
    <subfield code="4">0</subfield>
    <subfield code="7">0</subfield>
    <subfield code="8">NFIC</subfield>
    <subfield code="a">BOM</subfield>
    <subfield code="b">BOM</subfield>
    <subfield code="c">GEN</subfield>
    <subfield code="d">2023-02-10</subfield>
    <subfield code="e">PURCHASE</subfield>
    <subfield code="g">5387.93</subfield>
    <subfield code="o">RT89 .M38 2017   </subfield>
    <subfield code="p">069560</subfield>
    <subfield code="t">1</subfield>
    <subfield code="w">2023-02-10</subfield>
    <subfield code="y">BK</subfield>
  </datafield>
  <datafield tag="952" ind1=" " ind2=" ">
    <subfield code="0">0</subfield>
    <subfield code="1">0</subfield>
    <subfield code="2">lcc</subfield>
    <subfield code="4">0</subfield>
    <subfield code="7">0</subfield>
    <subfield code="8">NFIC</subfield>
    <subfield code="a">BOM</subfield>
    <subfield code="b">BOM</subfield>
    <subfield code="c">GEN</subfield>
    <subfield code="d">2023-02-10</subfield>
    <subfield code="e">PURCHASE</subfield>
    <subfield code="g">5387.93</subfield>
    <subfield code="o">RT89 .M38 2017   </subfield>
    <subfield code="p">069561</subfield>
    <subfield code="t">2</subfield>
    <subfield code="w">2023-02-10</subfield>
    <subfield code="y">BK</subfield>
  </datafield>
  <datafield tag="952" ind1=" " ind2=" ">
    <subfield code="0">0</subfield>
    <subfield code="1">0</subfield>
    <subfield code="2">lcc</subfield>
    <subfield code="4">0</subfield>
    <subfield code="7">1</subfield>
    <subfield code="8">NFIC</subfield>
    <subfield code="a">BOM</subfield>
    <subfield code="b">BOM</subfield>
    <subfield code="c">PROC</subfield>
    <subfield code="d">2026-04-27</subfield>
    <subfield code="e">Donation- Pittsburgh</subfield>
    <subfield code="l">0</subfield>
    <subfield code="o">RT89 .M38 2017   </subfield>
    <subfield code="p">073392</subfield>
    <subfield code="r">2026-04-27 09:21:08</subfield>
    <subfield code="t">1</subfield>
    <subfield code="w">2026-04-27</subfield>
    <subfield code="y">BK</subfield>
  </datafield>
</record>
